000 00740nam a2200193Ii 4500
003 JO-AjNU
008 230605s9999||||xx |||||||||||||| ||und||
040 _aJO-AjNU
_bara
_erda
_cJO-AjNU
041 _aara
050 1 4 _aBJ319
100 3 _aهادفيلد،ج.ا ؛ ترجمة ابو العزم، محمد عبد الحميد ؛ مراجعة القوصي، عبد العزيز,
_eauthor
_935280
245 0 0 _aعلم النفس والأخلاق :تحليل نفسي للخلق
264 3 1 _aد.م:مكتبة مصر،د.ت
300 _a257ص
_bمصطلحات من ص241-ص257
336 _atext
_btxt
_2rdacontent
337 _aunmediated
_bn
_2rdamedia
338 _avolume
_bnc
_2rdacarrier
650 4 _aعلم نفس-اخلاق
_935281
999 _aA14550
_c18118
_d18118